With Passion and Compassion, Third World Women Doing Theology (Record no. 9990)

MARC details
000 -LEADER
fixed length control field 00635nam a2200241 a 4500
020 ## - INTERNATIONAL STANDARD BOOK NUMBER
ISBN 0883446
082 00 - DEWEY DECIMAL CLASSIFICATION NUMBER
Classification number 248.843
Author Cutter FAB
100 ## - MAIN ENTRY--AUTHOR NAME
Author name Fabella, Virginia
245 ## - TITLE STATEMENT
Title With Passion and Compassion, Third World Women Doing Theology
260 ## - PUBLICATION, DISTRIBUTION, ETC. (IMPRINT)
Place of publication New York
Name of publisher Orbis Books
Year of publication 1988
300 ## - PHYSICAL DESCRIPTION
Number of Pages 192p
500 ## - GENERAL NOTE
General note includes index and biblioraphy
505 2# - FORMATTED CONTENTS NOTE
Formatted contents note Notes
650 ## - SUBJECT ADDED ENTRY--TOPICAL TERM
Topical Term Women in Christianity
650 ## - SUBJECT ADDED ENTRY--TOPICAL TERM
Topical Term Women-Christian Theology
942 ## - ADDED ENTRY ELEMENTS (KOHA)
Koha item type Books
Holdings
Collection code Home library Current library Date acquired Cost, normal purchase price Full call number Accession Number Koha item type
  Henry Martyn Institute Library Henry Martyn Institute Library 07/09/2007 217.00 248.843 FAB 016570 Books
                   Copyright © 2026 | Henry Martyn Institute | Hyderabad | TS-500052 | INDIA | Implemented by hmi.edu.in
Hit-Count:

Powered by Koha